000
00467nam a2200145Ia 4500
008
100204s9999 xx 000 0 und d
082
_b
7989
100
_a
नाईक गुरुनाथ
245
_a
गुलाम राजा
260
_b
"बांदोडकर पब्लिशिंग हाऊस, गोवा"
_c
1985
300
_a
205
630
_a
गुलाम राजा
730
_a
गुलाम राजा
942
_c
BOOK
999
_c
452425
_d
452422